000 00507nam a2200181Ia 4500
003 LDD
008 181101s9999 xx 000 0 und d
020 _a9788175875333
_c78.00
040 _cLDD
100 _aKhan, Mohd Ikram
245 0 _aTaleem nazariya aur amal
_cMohd Ikram Khan
260 _aNew Delhi
_bMaktaba Jamia Ltd.
_c2011
300 _a216p.
901 _a15920
_b17-03-2017
902 _a2840
_b17-03-2017
_cF
_dPIBD
_e8U
903 _a20
_bReqst by : Mohd. Akbar
942 _2ddc
_cUR
999 _c226
_d226